[Event "Eindhoven WLC op 12th"]
[Site "Eindhoven"]
[Date "2022.05.14"]
[Round "3"]
[White "Wuijts, Johan"]
[Black "Van Jaarsveld, Henk"]
[Result "1-0"]
[WhiteElo "1964"]
[BlackElo "1832"]
[PlyCount "123"]
[EventDate "2022.05.13"]
[EventType "swiss"]
[EventRounds "6"]
[EventCountry "NED"]
[SourceTitle "CBM 208 Extra"]
[Source "ChessBase"]
[SourceDate "2022.07.31"]
[SourceVersion "1"]
[SourceVersionDate "2022.07.31"]
[SourceQuality "1"]

1. e4 c5 2. Nc3 Nc6 3. f4 g6 4. Nf3 Bg7 5. Bb5 Nd4 6. 0-0 Nxb5 7. Nxb5 d5 8. d3 d4 9. a4 Bg4 10. h3 Bxf3 11. Qxf3 Nh6 12. f5 0-0 13. Bd2 a6 14. Na3 Kh8 15. a5 Ng8 16. Nc4 Rc8 17. e5 Rc6 18. g4 gxf5 19. gxf5 Bh6 20. Bxh6 Nxh6 21. Kh1 e6 22. f6 Nf5 23. Rg1 Qd5 24. Qe4 Rcc8 25. Nb6 Qxe4+ 26. dxe4 Ne3 27. Nxc8 Rxc8 28. Rg7 Nxc2 29. Rag1 d3 30. Rxf7 Rg8 31. Rd1 c4 32. Rd7 h6 33. b3 Ne3 34. Rb1 d2 35. Rxd2 c3 36. Re2 Rg3 37. Kh2 Rf3 38. Rbe1 c2 39. Rc1 Kh7 40. b4 Kg6 41. Rexc2 Nxc2 42. Rxc2 Kh5 43. Kg2 Rf4 44. Kh2 Kg6 45. Rc7 Rxe4 46. Rg7+ Kh5 47. Kg3 Rxe5 48. Rxb7 Re3+ 49. Kg2 Re2+ 50. Kf3 Re1 51. Rb6 Rf1+ 52. Kg2 Rxf6 53. Rxa6 Rf4 54. Rb6 e5 55. a6 Rf8 56. b5 Kg5 57. Rb7 e4 58. a7 e3 59. Re7 Rf2+ 60. Kg1 Ra2 61. b6 Kf6 62. Rxe3 1-0